Every Wrestler to Compete on WWE Saturday Night's Main Event - Statistics

General Stats
  • This quiz has been taken 251 times
    131 since last reset
  • The average score is 63 of 153
Answer Stats
First Match Wrestler % Correct
May 11, 1985 Hulk Hogan
97%
March 11, 1989 Shawn Michaels
92%
October 5, 1985 Andre the Giant
88%
March 16, 2006 John Cena
88%
November 29, 1986 Bret Hart
85%
November 2, 1985 Randy Savage
84%
February 8, 1992 The Undertaker
82%
March 16, 2006 Randy Orton
81%
March 16, 2006 Triple H
78%
May 11, 1985 Bob Orton
77%
February 8, 1992 Ric Flair
77%
November 26, 1988 The Ultimate Warrior
77%
October 5, 1985 Roddy Piper
75%
July 15, 2006 Edge
74%
March 12, 1988 Ted DiBiase
73%
August 2, 2008 Ted DiBiase Jr.
73%
August 2, 2008 Cody Rhodes
71%
November 25, 1989 Dusty Rhodes
71%
June 2, 2007 Kane
71%
November 2, 1985 Tito Santana
66%
October 5, 1985 King Kong Bundy
64%
October 29, 1988 The Big Boss Man
64%
November 29, 1986 Jim Neidhart
63%
January 7, 1989 Mr. Perfect
63%
March 16, 2006 Rey Mysterio
62%
May 11, 1985 Ricky Steamboat
62%
May 11, 1985 The Iron Sheik
62%
May 11, 1985 The Junkyard Dog
62%
July 15, 2006 Batista
60%
October 5, 1985 Greg Valentine
60%
March 11, 1989 Marty Jannetty
60%
November 26, 1988 Hacksaw Jim Duggan
59%
March 12, 1988 Haku
59%
August 2, 2008 Jeff Hardy
59%
August 18, 2007 Matt Hardy
59%
October 3, 1987 The Honky Tonk Man
59%
October 13, 1990 Animal
58%
April 30, 1988 Ax
58%
October 5, 1985 Brutus Beefcake
58%
May 3, 1986 Jake Roberts
58%
April 30, 1988 Smash
58%
October 13, 1990 Hawk
56%
March 16, 2006 Kurt Angle
56%
May 2, 1987 Rick Martel
56%
April 30, 1988 Rick Rude
56%
October 5, 1985 Big John Studd
55%
October 5, 1985 Paul Orndorff
55%
October 13, 1990 Sgt. Slaughter
55%
March 1, 1986 Davey Boy Smith
53%
May 27, 1989 Jimmy Snuka
53%
March 1, 1986 The Dynamite Kid
53%
April 28, 1990 Earthquake
52%
November 29, 1986 Hercules Hernandez
52%
May 11, 1985 Nikolai Volkoff
52%
June 2, 2007 Chris Benoit
51%
August 2, 2008 John Bradshaw Layfield
49%
November 29, 1986 Koko B. Ware
49%
January 4, 1986 Magnificent Muraco
49%
March 1, 1986 Mr. T
49%
March 12, 1988 One Man Gang
49%
February 8, 1992 Sid Justice
49%
November 28, 1987 Bam Bam Bigelow
48%
August 18, 2007 CM Punk
48%
October 13, 1990 Crush
47%
November 14, 1992 Irwin R. Schyster
47%
March 16, 2006 Shane McMahon
44%
November 26, 1988 Virgil
44%
October 14, 1989 Bushwhacker Luke
42%
January 4, 1986 Cousin Luke
42%
October 29, 1988 Dino Bravo
42%
January 3, 1987 Harley Race
42%
January 4, 1986 Hillbilly Jim
42%
October 14, 1989 Bushwhacker Butch
41%
July 15, 2006 King Booker
41%
July 15, 2006 Mark Henry
41%
July 28, 1990 The Texas Tornado
41%
July 15, 2006 Bobby Lashley
40%
May 11, 1985 The Fabulous Moolah
38%
March 11, 1989 Arn Anderson
37%
May 11, 1985 Barry Windham
37%
May 11, 1985 George Steele
37%
June 2, 2007 MVP
37%
June 2, 2007 The Great Khali
37%
June 2, 2007 Umaga
37%
May 11, 1985 Wendi Richter
37%
November 29, 1986 B. Brian Blair
36%
July 15, 2006 Finlay
34%
November 29, 1986 Jim Brunzell
34%
October 3, 1987 Paul Roma
34%
March 11, 1989 Tully Blanchard
34%
June 2, 2007 Doink the Clown
33%
November 26, 1988 Jacques Rougeau
33%
January 4, 1986 Jesse Ventura
33%
November 26, 1988 Raymond Rougeau
33%
March 1, 1986 Adrian Adonis
32%
July 15, 2006 Carlito
32%
July 15, 2006 Johnny Nitro
32%
April 27, 1991 Brian Knobbs
30%
March 16, 2006 Trish Stratus
30%
October 13, 1990 Tugboat
30%
March 11, 1989 Bad News Brown
29%
November 2, 1985 Mr. Fuji
29%
November 2, 1985 Terry Funk
29%
May 3, 1986 Hoss Funk
27%
April 27, 1991 Jerry Sags
27%
October 4, 1986 Kamala
27%
January 7, 1989 Ron Bass
27%
January 7, 1989 The Red Rooster
27%
January 2, 1988 Boris Zhukov
25%
October 3, 1987 Jim Powers
25%
March 16, 2006 Mickie James
25%
May 11, 1985 Mike Rotundo
25%
October 3, 1987 Sika
25%
March 12, 1988 Ken Patera
23%
October 5, 1985 Lanny Poffo
23%
April 27, 1991 The Mountie
23%
October 5, 1985 Tony Atlas
23%
October 5, 1985 Uncle Elmer
23%
November 28, 1987 Danny Davis
22%
November 14, 1992 Papa Shango
22%
July 15, 2006 Sabu
22%
June 2, 2007 Viscera
22%
January 27, 1990 Ronnie Garvin
18%
March 12, 1988 Tama
18%
May 2, 1987 Tom Zenk
18%
February 8, 1992 Beau Beverly
16%
February 8, 1992 Blake Beverly
16%
March 11, 1989 The Brooklyn Brawler
16%
March 16, 2006 Victoria
16%
January 4, 1986 Corporal Kirchner
15%
June 2, 2007 Eugene
14%
July 15, 2006 Kenny
14%
July 15, 2006 Mikey
14%
March 11, 1989 The Blue Blazer
14%
June 2, 2007 The Boogeyman
14%
June 2, 2007 The Little Boogeyman
14%
March 16, 2006 Candice Michelle
12%
July 15, 2006 Johnny
12%
July 15, 2006 Mitch
12%
August 2, 2008 JTG
11%
July 15, 2006 Melina
11%
July 15, 2006 Nicky
11%
January 3, 1987 Blackjack Mulligan
10%
November 29, 1986 Dick Slater
8%
June 2, 2007 Hornswoggle
8%
August 2, 2008 Shad Gaspard
8%
October 5, 1985 Jerry Valiant
7%
June 2, 2007 Kevin Thorn
7%
March 14, 1987 Dan Spivey
5%
August 18, 2007 Evander Holyfield
5%
July 15, 2006 Stevie Richards
5%
October 5, 1985 Tony Garea
4%
August 2, 2008 Jimmy Wang Yang
1%
No matching quizzes found
Score Distribution
Percent of People with Each Score
Percentile by Number Answered
Your Score History
You have not taken this quiz since the last reset